[Event "IRI-ch 56th"]
[Site "Kerman"]
[Date "2023.05.16"]
[Round "7"]
[White "Khaledi, Omid"]
[Black "Atakhan, Abtin"]
[Result "1/2-1/2"]
[WhiteElo "2118"]
[BlackElo "2422"]
[PlyCount "50"]
[EventDate "2023.05.11"]
[EventType "tourn"]
[EventRounds "13"]
[EventCountry "IRI"]
[EventCategory "5"]
[SourceTitle "CBM 214 Extra"]
[Source "ChessBase"]
[SourceDate "2023.07.31"]
[SourceVersion "1"]
[SourceVersionDate "2023.07.31"]
[SourceQuality "1"]

1. Nf3 Nf6 2. d4 d5 3. c4 e6 4. g3 Bb4+ 5. Nc3 dxc4 6. Bg2 0-0 7. 0-0 c6 8. Ne5 Nd5 9. Qc2 b5 10. a4 f6 11. Nf3 Qd7 12. e4 Nxc3 13. bxc3 Be7 14. e5 Bb7 15. exf6 gxf6 16. Re1 Re8 17. Qe4 a6 18. Bh6 Bf8 19. Bxf8 Kxf8 20. Qh4 Kg7 21. Re4 Qf7 22. Rf4 Nd7 23. Ng5 Qg6 24. Re4 Qf7 25. Nf3 Nb8 1/2-1/2

[Event "IRI-ch U16"]
[Site "Chess.com INT"]
[Date "2021.01.16"]
[Round "8"]
[White "Goodarzi, Moein1111"]
[Black "Khaledi, Omid"]
[Result "0-1"]
[WhiteElo "1460"]
[BlackElo "1901"]
[PlyCount "82"]
[EventDate "2021.01.16"]
[EventType "swiss"]
[EventRounds "11"]
[EventCountry "IRI"]
[SourceTitle "EXT 2022"]
[Source "ChessBase"]
[SourceDate "2021.10.06"]
[SourceVersion "1"]
[SourceVersionDate "2021.10.06"]
[SourceQuality "1"]

1. c3 Nf6 2. d4 g6 3. Nf3 Bg7 4. Bf4 0-0 5. Nbd2 d5 6. e3 c5 7. Be2 Nc6 8. dxc5 a5 9. 0-0 Nd7 10. e4 Nxc5 11. exd5 Qxd5 12. Nc4 Qe4 13. Be3 Rd8 14. Qc1 Nd3 15. Bxd3 Qxd3 16. Ncd2 Bf5 17. Rd1 a4 18. Nh4 Bg4 19. Ndf3 Qxd1+ 20. Qxd1 Rxd1+ 21. Rxd1 a3 22. bxa3 Bxc3 23. Rd3 Rxa3 24. h3 Bxf3 25. Nxf3 Bb4 26. Rd7 Rxa2 27. Rxb7 Ra1+ 28. Kh2 Bd6+ 29. g3 f6 30. Nd4 Nxd4 31. Bxd4 Ra2 32. Kg2 Kf7 33. Rb3 h5 34. h4 Ke6 35. Re3+ Kd5 36. Bb6 Rb2 37. Bd8 Bc5 38. Rd3+ Kc6 39. Rf3 Ra2 40. Rc3 Rxf2+ 41. Kh3 Re2 0-1

[Event "Wch U12 blitz"]
[Site "Minsk"]
[Date "2018.06.24"]
[Round "3"]
[White "Petrovskiy, Vadim1111"]
[Black "Khaledi, Omid"]
[Result "1-0"]
[WhiteElo "2133"]
[BlackElo "1793"]
[PlyCount "85"]
[EventDate "2018.06.24"]
[EventType "swiss (blitz)"]
[EventRounds "9"]
[EventCountry "BLR"]
[SourceTitle "EXT 2019"]
[Source "ChessBase"]
[SourceDate "2018.10.10"]
[SourceVersion "1"]
[SourceVersionDate "2018.10.10"]
[SourceQuality "1"]

1. e4 c5 2. Nf3 Nc6 3. d4 cxd4 4. Nxd4 Nf6 5. Nc3 e6 6. Ndb5 Bb4 7. a3 Bxc3+ 8. Nxc3 d5 9. exd5 exd5 10. Bd3 d4 11. Ne2 0-0 12. 0-0 Bg4 13. Bg5 Re8 14. f3 Bh5 15. Kh1 Bg6 16. Bxg6 hxg6 17. Qd2 Qb6 18. b3 Rad8 19. Nf4 Qb5 20. Nd3 Rd5 21. a4 Qa5 22. Qxa5 Rxa5 23. Bxf6 gxf6 24. Rfe1 Re6 25. Kg1 Ne7 26. b4 Rg5 27. Nc5 Ree5 28. f4 Rxe1+ 29. Rxe1 Rf5 30. Rxe7 b6 31. Nd3 a5 32. b5 Rd5 33. Rb7 Rd6 34. Kf2 Kg7 35. g3 Kf8 36. Ke2 Kg7 37. Kd2 Kf8 38. Nb2 Re6 39. Nc4 Kg7 40. Rxb6 Re7 41. Nxa5 Rc7 42. Ra6 Rd7 43. b6 1-0

[Event "Wch U12 rapid"]
[Site "Minsk"]
[Date "2018.06.22"]
[Round "3"]
[White "Daneshvar, Bardiya"]
[Black "Khaledi, Omid"]
[Result "1/2-1/2"]
[WhiteElo "2165"]
[BlackElo "1812"]
[PlyCount "74"]
[EventDate "2018.06.22"]
[EventType "swiss (rapid)"]
[EventRounds "9"]
[EventCountry "BLR"]
[SourceTitle "EXT 2019"]
[Source "ChessBase"]
[SourceDate "2018.10.10"]
[SourceVersion "1"]
[SourceVersionDate "2018.10.10"]
[SourceQuality "1"]

1. Nf3 Nf6 2. g3 g6 3. b3 Bg7 4. Bb2 0-0 5. Bg2 d5 6. c4 c6 7. 0-0 Re8 8. d4 Bf5 9. Nbd2 Nbd7 10. Nh4 Be6 11. e3 c5 12. cxd5 Nxd5 13. Ne4 h6 14. Rc1 Rc8 15. Qd2 g5 16. Nf3 Qb6 17. Nxc5 Nxc5 18. dxc5 Rxc5 19. Bxg7 Rxc1 20. Rxc1 Kxg7 21. h4 g4 22. Nd4 Nf6 23. Nxe6+ fxe6 24. Rd1 Rc8 25. e4 e5 26. Rc1 Rd8 27. Qe2 Qd6 28. Kh2 Qd2 29. Qxd2 Rxd2 30. Rc7 Kf7 31. Rxb7 Rxa2 32. Kg1 Ra1+ 33. Kh2 Ra2 34. Rb5 Ke6 35. Rb7 a5 36. Ra7 Rxf2 37. Rxa5 Rb2 1/2-1/2